00409nam a2200169Ia 4500008004100000020001800041050001400059245003300073245003400106260001500140260001600155260000900171300001400180300002700194300001000221500000800231170918s9999 xx 000 0 und d a9780439207495 bW186 1997 aWalking through the jungle / cillustrated by Debbie Harter. aNew York : bScholastic, c1997 aunpaged : bcolored illustration ; c22cm. a100